000 00810 a2200193 4500
003 NUST
005 20251124143924.0
040 _cNust
082 _a621.382,ZUB
100 _aZubairi, M Danish (TCC-19 )
_9132035
245 _aDifferential global positioning system (Receiver) /
_cM Danish Zubairi, Wasif Iqbal, Rabi Iqbal Rana and Sangeen Khan
260 _aRawalpindi
_bMCS (NUST)
_cJuly 2011
300 _axv, 100 p.;
505 _aIntroduction (Page-1), Background (Page-5), System Overview (Page-14), System Modules (Page-25), System Integration (Page-53), Application and Scope (Page-60), Limitation, Extension and Conclusion (Page-65), Bibliography (Page-100).
650 _aUG Projects
_998716
651 _aTCC-19
_9106901
700 _aSupervised by Dr. faisal Khan
_9132036
942 _cPR
_2ddc
999 _c188997
_d188997